000 00670nam a2200193 4500
008 170517b xxu||||| |||| 00| 0 eng d
020 _a0-03-031389-9
082 _21990
_aDC 336
_bH99
100 _920881
_aHyman, David N
245 _aPublic finance :
_ba contemporary application of theory to policy /
_cDavid N. Hyman.
250 _a3 Edition
260 _aChicago :
_bDryden Press,
_c©1990.
300 _axxiii, 689 pages :
_billustrations ;
_c24 cm
440 _920882
_aDryden Press series in economics
500 _aIncludes bibliographical references and indexes.
650 0 _920883
_aFinance, Public
650 0 _920884
_aFiscal policy
942 _2ddc
_cDC
999 _c6899
_d6899